000 00685nam a22001337a 4500
040 _cRUA
082 _aAVM IM 2009 B085 Or.1
100 _aIM, DYRA.
245 _astudy on problems and opportunities of small scale cattle raising at takchue district kompot province ( ការសិក្សាពីបញ្ហា និងលទ្ធភាពនៃការចិញ្ចឹមគោជាលក្ខណៈ គ្រួសារនៅស្រុកទឹកឈូ ខេត្តកំពត)
260 _aPhnom Penh
_bRUA
_c2009
300 _axi, 58p.
_bill.
_c29cm.
856 _uhttps://drive.google.com/file/d/19OlHsTk0g9PKy89iXDAfQOYlCjT0Tiru/view?usp=sharing
942 _cAVM
999 _c2286
_d2286